Normal view MARC view
  • Aroosh Fatima. Supervisor:Dr. Shahzad Rasool.

Entry Personal Name

Number of records used in: 1

001 - CONTROL NUMBER

  • control field: 12750

003 - CONTROL NUMBER IDENTIFIER

  • control field: NUST

005 - DATE AND TIME OF LATEST TRANSACTION

  • control field: 20181220072140.0

008 - FIXED-LENGTH DATA ELEMENTS

  • fixed length control field: 181220|| aca||aabn | a|a d

040 ## - CATALOGING SOURCE

  • Original cataloging agency: NUST
  • Transcribing agency: NUST

100 ## - HEADING--PERSONAL NAME

  • Personal name: Aroosh Fatima. Supervisor:Dr. Shahzad Rasool.

670 ## - SOURCE DATA FOUND

  • Source citation: Work cat.: (NUST): Aroosh Fatima. Supervisor:Dr. Shahzad Rasool., MS/Thesis:Using Deep Learning For Image And Video Compression /, Nov,2018.
© 2023 Central Library, National University of Sciences and Technology. All Rights Reserved.